| 000 | 01134nam a22002657a 4500 | ||
|---|---|---|---|
| 003 | UA-OsUOA | ||
| 001 | 50646 | ||
| 007 | ta | ||
| 008 | 20071122b un ||||| |||| 00| 0 ukr d | ||
| 090 |
_a81 _bВ-12 |
||
| 942 | _cMG | ||
| 040 |
_aUA-OsUOA _brus _cUA-OsUOA _dUA-OsUOA |
||
| 245 |
_aВестник Воронежского Государственного Университета. Серия Лингвистика и межкультурная коммуникация _bУчредитель: Государственное образовательное учреждение высшего проффисионального образования "Воронежский государственный университет" _cГлав. ред. Кретов А.А. |
||
| 300 | _a257 с. | ||
| 955 | _a4 | ||
| 041 | _arus | ||
| 080 | _a81 | ||
| 022 | _a0234-5439 | ||
| 260 | _aВоронеж | ||
| 246 | 3 | 1 |
_aНаучный журнал _n |
| 044 | _aRU | ||
| 962 | _a2005 | ||
| 099 | _a51174 | ||
| 650 | 7 |
_a8 Мовознавство. Художня література. Літературознавство _2UDC |
|
| 999 |
_c336753 _d336753 |
||